Statistics for 2019 NHL Entry Draft 1st Round Selections

Click here to take the quiz!

General Stats

  • This quiz has been taken 878 times
  • The average score is 16 of 31

Answer Stats

PickPlayerJunior ClubTeam% Correct
1Jack HughesUSDPNew Jersey Devils
100%
2Kaapo KakkoTPSNew York Rangers
94%
3Kirby DachSaskatoon BladesChicago Blackhawks
86%
4Bowen ByramVancouver GiantsColorado Avalanche
83%
6Moritz SeiderAdler MannheimDetroit Red Wings
79%
15Cole CaufieldUSDPMontreal Canadiens
77%
9Trevor ZegrasUSDPAnaheim Ducks
76%
5Alex TurcotteUSDPLos Angeles Kings
75%
7Dylan CozensLethbridge HurricanesBuffalo Sabres
65%
13Spencer KnightUSDPFlorida Panthers
64%
14Cam YorkUSDPPhiladelphia Flyers
62%
12Matthew BoldyUSDPMinnesota Wild
59%
8Philip BrobergSkellefteå AIKEdmonton Oilers
59%
10Vasili PodkolzinSKA St. PetersburgVancouver Canucks
59%
16Alex NewhookVictoria GrizzliesColorado Avalanche
55%
17Peyton KrebsWinnipeg IceVegas Golden Knights
49%
11Victor SöderströmBrynäs IFArizona Coyotes
45%
25Connor McMichaelLondon KnightsWashington Capitals
40%
27Nolan FooteKelowna RocketsTampa Bay Lightning
39%
21Samuel PoulinSherbrooke PhoenixPittsburgh Penguins
37%
20Ville HeinolaLukkoWinnipeg Jets
37%
18Thomas HarleyMississauga SteelheadsDallas Stars
35%
28Ryan SuzukiBarrie ColtsCarolina Hurricanes
34%
26Jakob PelletierMoncton WildcatsCalgary Flames
31%
30John BeecherUSDPBoston Bruins
31%
24Philip TomasinoNiagara IceDogsNashville Predators
31%
19Lassi ThomsonKelowna RocketsOttawa Senators
28%
22Tobias BjörnfotDjurgårdensLos Angeles Kings
28%
23Simon HolmströmHV71 J20New York Islanders
23%
31Ryan JohnsonSioux Falls StampedeSt Louis Blues
22%
29Brayden TraceyMoose Jaw WarriorsAnaheim Ducks
17%

Score Distribution

Percentile by Number Answered

Percent of People with Each Score

Your Score History

You have not taken this quiz